| 000 | 00401nam a2200157 4500 | ||
|---|---|---|---|
| 020 | _a9788131505618 | ||
| 082 | _a338.04 KUR | ||
| 100 | _aKuratko, Donald | ||
| 245 | _aEntrepreneurship in the new Millennium | ||
| 260 |
_aAndover _bCengage learning _c2007 |
||
| 300 |
_a594p. _b:ill.;24cm. |
||
| 500 | _aIncludes Index | ||
| 650 | _aEntreprenuareship | ||
| 700 | _aRichard M.Hodgetts | ||
| 942 | _cBK | ||
| 999 |
_c12244 _d12244 |
||